000 00827nam a2200253Ia 4500
003 OSt
005 20221005103757.0
006 a|||||r|||| 00| 0
007 ta
008 221004b |||||||| |||| 00| 0 hin d
024 _a23626
037 _cTextual
040 _aCRL
_cCRL
_bhin
041 _2hin
_ahin
082 _aO152,1N61x, N8
100 _aद्विवेदी, हेमन्त
245 0 _aअॅंधेरे में औरत
246 _aAॅandhere mean aurata
260 _aदिल्ली
_bआलोकपर्व प्रकाशन भारत
_c1998
300 _a139पृ0
_ccm.
650 _aहिन्दी साहित्य
942 _hO152,1N61x, N8
_cTEXL
_2cc
999 _c1010885
_d1010885